000 00228nam a22000857a 4500
008 160926b xxu||||| |||| 00| 0 eng d
100 _9738
_aAggarwala.N.K
245 _aEnglish Grammar-7
260 _aNew Delhi
_bG.B.P. Publications
_c2011
999 _c3395
_d3395